Statistiques concernant Top 15 des pays avec les décès de Covid-19 - 22 août

Cliquez ici pour prendre le quiz!

Statistiques générales

  • Ce quiz a été pris 19 fois
  • Le résultat moyen est 13 sur 20

Statistiques - réponses

pays% Correct
Etats-Unis
100%
France
100%
Brésil
93%
Espagne
93%
Italie
93%
Mexique
93%
Royaume-Uni
93%
Inde
80%
Chili
67%
Russie
67%
Belgique
60%
Pays-Bas
60%
Suède
60%
Colombie
53%
Iran
47%
Pérou
47%
Afrique du Sud
40%
Irlande
40%
Bolivie
27%
Panama
20%

Distribution des résultats

Percentile par nombre de réponses

% des personnes avec chaque résultat

Votre développement - résultats

Vous n’avez pas pris ce quiz